[Event "Madrid 2024-2025ch - Previa A"]
[Site "Madrid ESP"]
[Date "2025.02.19"]
[Round "9.14"]
[White "Perez Hernandez, Alfonso"]
[Black "De la Orden Alcocer, Alejandro"]
[Result "1-0"]
[WhiteElo "1794"]
[BlackElo "1927"]
[PlyCount "63"]
[GameId "2155849419977131"]
[EventDate "2025.01.30"]
[EventType "swiss"]
[EventRounds "9"]
[EventCountry "ESP"]
[SourceTitle "Ajedrez en Madrid"]
[Source "lmi"]
[SourceDate "2025.01.30"]
[SourceVersion "1"]
[SourceVersionDate "2025.03.19"]
[SourceQuality "1"]

1. c4 c5 2. Nc3 Nc6 3. g3 g6 4. Bg2 Bg7 5. e4 Nf6 6. Nge2 h5 7. h4 O-O 8. d3 d6 9. O-O Ne8 10. Rb1 Nc7 11. a3 a5 12. Nd5 Ne6 13. b4 axb4 14. axb4 cxb4 15. Nxb4 Ned4 16. Nxc6 bxc6 17. Nxd4 Bxd4 18. Bb2 Bxb2 19. Rxb2 c5 20. Qd2 e5 21. f4 Bg4 22. f5 Kh7 23. fxg6+ fxg6 24. Rb7+ Kg8 25. Qh6 Rxf1+ 26. Bxf1 Qf6 27. Qh7+ Kf8 28. Qh6+ Ke8 29. Rg7 Qxf1+ 30. Kxf1 Ra1+ 31. Kf2 Ra2+ 32. Ke1 1-0

[Event "Madrid 2024-2025ch - Previa A"]
[Site "Madrid ESP"]
[Date "2025.02.19"]
[Round "9.15"]
[White "Martin-Consuegra Barrilero, Javi"]
[Black "Hernandez Gutierrez, Jose"]
[Result "1-0"]
[WhiteElo "1798"]
[BlackElo "1825"]
[PlyCount "79"]
[GameId "2155850308604346"]
[EventDate "2025.01.30"]
[EventType "swiss"]
[EventRounds "9"]
[EventCountry "ESP"]
[SourceTitle "Ajedrez en Madrid"]
[Source "lmi"]
[SourceDate "2025.01.30"]
[SourceVersion "1"]
[SourceVersionDate "2025.03.19"]
[SourceQuality "1"]

1. c4 c5 2. g3 Nc6 3. d3 g6 4. Nc3 Bg7 5. Bg2 Nf6 6. e3 O-O 7. Nge2 a6 8. O-O Rb8 9. Rb1 b5 10. b3 d6 11. Bxc6 Bb7 12. Bxb7 Rxb7 13. cxb5 axb5 14. Bb2 Qd7 15. Ne4 Nxe4 16. dxe4 Ra7 17. Bxg7 Kxg7 18. Qc2 Rfa8 19. Nc3 h5 20. f3 b4 21. Na4 Qb5 22. Rbc1 Rb8 23. Qc4 Qxc4 24. Rxc4 f6 25. Rd1 Kf7 26. Kf2 Ke6 27. f4 Ra6 28. Kf3 Rf8 29. Rd2 Rf7 30. h3 Rf8 31. Rcc2 Rc8 32. Rc4 Rf8 33. g4 hxg4+ 34. hxg4 Rh8 35. Kg3 Rh1 36. f5+ Kf7 37. Rh2 Rxh2 38. Kxh2 g5 39. Rc2 Kg7 40. Kg3 1-0

[Event "Madrid 2024-2025ch - Previa A"]
[Site "Madrid ESP"]
[Date "2025.02.19"]
[Round "9.16"]
[White "De Dompablo Fantova, Juan"]
[Black "Aldea Moreno, Marina"]
[Result "1/2-1/2"]
[WhiteElo "1782"]
[BlackElo "1823"]
[PlyCount "44"]
[GameId "2155920384999601"]
[EventDate "2025.01.30"]
[EventType "swiss"]
[EventRounds "9"]
[EventCountry "ESP"]
[SourceTitle "Ajedrez en Madrid"]
[Source "lmi"]
[SourceDate "2025.01.30"]
[SourceVersion "1"]
[SourceVersionDate "2025.03.19"]
[SourceQuality "1"]

1. e4 d6 2. d4 Nf6 3. Nc3 g6 4. Be3 c6 5. Qd2 b5 6. f3 Nbd7 7. Bh6 Bxh6 8. Qxh6 Qa5 9. Bd3 b4 10. Nce2 Rb8 11. b3 Nb6 12. Ng3 Rg8 13. Qf4 g5 14. Qd2 Bd7 15. N1e2 c5 16. e5 dxe5 17. dxe5 Nfd5 18. Bxh7 Rg7 19. Be4 Be6 20. O-O Rd8 21. Qc1 c4 22. Rd1 Qc5+ 1/2-1/2

[Event "Madrid 2024-2025ch - Previa A"]
[Site "Madrid ESP"]
[Date "2025.02.19"]
[Round "9.17"]
[White "Martin-Buitrago Lopez, Antonio"]
[Black "Vazquez Gonzalez, Jesus"]
[Result "0-1"]
[WhiteElo "1800"]
[BlackElo "1920"]
[PlyCount "108"]
[GameId "2155921280434368"]
[EventDate "2025.01.30"]
[EventType "swiss"]
[EventRounds "9"]
[EventCountry "ESP"]
[SourceTitle "Ajedrez en Madrid"]
[Source "lmi"]
[SourceDate "2025.01.30"]
[SourceVersion "1"]
[SourceVersionDate "2025.03.19"]
[SourceQuality "1"]

1. e4 g6 2. d4 Bg7 3. Nc3 d5 4. e5 c5 5. f4 c4 6. Nf3 Nc6 7. Be2 h5 8. O-O Nh6 9. b3 cxb3 10. axb3 Bg4 11. Bb5 Nf5 12. Bxc6+ bxc6 13. Na4 Nh4 14. Qd3 Bxf3 15. gxf3 Qd7 16. Qe2 Qh3 17. Qf2 O-O 18. Qg3 Qxg3+ 19. hxg3 Nf5 20. Rd1 Nxg3 21. Ba3 Ne2+ 22. Kf2 Nxf4 23. Bxe7 Rfe8 24. Bd6 Ne6 25. Nc5 Bf8 26. Nb7 Nd8 27. Bxf8 Kxf8 28. Nd6 Re7 29. f4 Nb7 30. Nxb7 Rxb7 31. Ra6 Rc8 32. Rda1 c5 33. dxc5 Rxc5 34. R1a2 Rbc7 35. Rxa7 Rxa7 36. Rxa7 Rxc2+ 37. Ke3 Rc3+ 38. Kd4 Rxb3 39. f5 gxf5 40. Kxd5 Rd3+ 41. Kc4 Re3 42. Kd4 Re4+ 43. Kd5 Kg7 44. Ra6 Re1 45. Rf6 Rd1+ 46. Kc4 Rf1 47. Kd3 Rf4 48. Ra6 Re4 49. Ra5 h4 50. Rb5 Kg6 51. Rb6+ Kg5 52. Rb7 h3 53. Rxf7 h2 54. Rg7+ Kh6 0-1

[Event "Madrid 2024-2025ch - Previa A"]
[Site "Madrid ESP"]
[Date "2025.02.19"]
[Round "9.18"]
[White "Forteza Ribot, Juan"]
[Black "Albert Aparicio, Ismael"]
[Result "0-1"]
[WhiteElo "1795"]
[BlackElo "1886"]
[PlyCount "67"]
[GameId "2155922446143695"]
[EventDate "2025.01.30"]
[EventType "swiss"]
[EventRounds "9"]
[EventCountry "ESP"]
[SourceTitle "Ajedrez en Madrid"]
[Source "lmi"]
[SourceDate "2025.01.30"]
[SourceVersion "1"]
[SourceVersionDate "2025.03.19"]
[SourceQuality "1"]

1. e4 e5 2. Nf3 Nc6 3. Bb5 a6 4. Bxc6 dxc6 5. O-O f6 6. c3 Qd3 7. Qe1 Bc5 8. b4 Ba7 9. Kh1 Be6 10. Na3 g5 11. Ng1 h5 12. Qe2 Rd8 13. Qxd3 Rxd3 14. f3 Ne7 15. Ne2 h4 16. c4 a5 17. Rb1 axb4 18. Rxb4 Bc5 19. Rb3 Rxb3 20. axb3 Kf7 21. Bb2 Rd8 22. Nb1 Ng6 23. Rd1 h3 24. g3 Rd3 25. Bc3 Rxf3 26. d4 exd4 27. Bxd4 Bxd4 28. Nxd4 Bg4 29. Re1 Rd3 30. Nf5 Bf3+ 31. Kg1 Ne5 32. Ne3 Bxe4 33. Ng4 Nxg4 34. Rxe4 0-1

[Event "Madrid 2024-2025ch - Previa A"]
[Site "Madrid ESP"]
[Date "2025.02.19"]
[Round "9.19"]
[White "Castro Miranda, Juan Raul"]
[Black "Balsera Gomez, Antonio"]
[Result "1/2-1/2"]
[WhiteElo "1776"]
[BlackElo "1873"]
[PlyCount "68"]
[GameId "2155925315698928"]
[EventDate "2025.01.30"]
[EventType "swiss"]
[EventRounds "9"]
[EventCountry "ESP"]
[SourceTitle "Ajedrez en Madrid"]
[Source "lmi"]
[SourceDate "2025.01.30"]
[SourceVersion "1"]
[SourceVersionDate "2025.03.19"]
[SourceQuality "1"]

1. e4 c6 2. Nc3 d5 3. Nf3 dxe4 4. Nxe4 Nf6 5. Qe2 Nxe4 6. Qxe4 Be6 7. d4 Bd5 8. Qf4 Bxf3 9. Qxf3 Qxd4 10. Bd3 Nd7 11. c3 Qf6 12. Qe2 e6 13. O-O Bd6 14. Be3 Bc5 15. Rad1 Bxe3 16. Qxe3 Qe5 17. Qh3 O-O-O 18. Rfe1 Qg5 19. Rb1 Nc5 20. Bf1 h5 21. b4 Nd7 22. a4 Nf6 23. b5 cxb5 24. Rxb5 Rd5 25. Reb1 Rxb5 26. Rxb5 Qg4 27. Qe3 b6 28. a5 Nd5 29. Qe5 Rd8 30. axb6 axb6 31. c4 Nf4 32. f3 Nh3+ 33. Kh1 Nf2+ 34. Kg1 Nh3+ 1/2-1/2

[Event "Madrid 2024-2025ch - Previa A"]
[Site "Madrid ESP"]
[Date "2025.02.19"]
[Round "9.20"]
[White "Alonso Anton, Carlos"]
[Black "Aquilino Rodriguez, Virgilio"]
[Result "1-0"]
[WhiteElo "1856"]
[BlackElo "1675"]
[PlyCount "73"]
[GameId "2155966372778239"]
[EventDate "2025.01.30"]
[EventType "swiss"]
[EventRounds "9"]
[EventCountry "ESP"]
[SourceTitle "Ajedrez en Madrid"]
[Source "lmi"]
[SourceDate "2025.01.30"]
[SourceVersion "1"]
[SourceVersionDate "2025.03.19"]
[SourceQuality "1"]

1. d4 d5 2. c4 e6 3. Nc3 Nf6 4. Nf3 Nc6 5. Bg5 Be7 6. e3 h6 7. Bh4 Nh7 8. Bxe7 Nxe7 9. Bd3 Nf6 10. Ne5 c6 11. O-O O-O 12. c5 Qc7 13. b4 Nd7 14. f4 f5 15. Nxd7 Bxd7 16. a3 b5 17. Nb1 a5 18. Nd2 axb4 19. axb4 Ra7 20. Nb3 Rfa8 21. Na5 Kh8 22. Qh5 Be8 23. Qh3 Ng8 24. g4 g6 25. Kh1 Qh7 26. Rg1 Nf6 27. gxf5 gxf5 28. Qh4 Rf7 29. Nb7 Rxa1 30. Rxa1 Qg6 31. Rg1 Qh7 32. Nd8 Rf8 33. Nxe6 Rf7 34. Rg3 Ne4 35. Bxe4 fxe4 36. Qd8 Re7 37. Nf8 1-0

[Event "Madrid 2024-2025ch - Previa A"]
[Site "Madrid ESP"]
[Date "2025.02.19"]
[Round "9.21"]
[White "Barahona Torrijos, Angel"]
[Black "Olmos Sanz, Francisco J."]
[Result "1-0"]
[WhiteElo "1828"]
[BlackElo "1717"]
[PlyCount "81"]
[GameId "2155968055222542"]
[EventDate "2025.01.30"]
[EventType "swiss"]
[EventRounds "9"]
[EventCountry "ESP"]
[SourceTitle "Ajedrez en Madrid"]
[Source "lmi"]
[SourceDate "2025.01.30"]
[SourceVersion "1"]
[SourceVersionDate "2025.03.19"]
[SourceQuality "1"]

1. e4 c5 2. a3 g6 3. c3 d5 4. exd5 Qxd5 5. Nf3 Bg7 6. d4 Nc6 7. Be3 cxd4 8. cxd4 Bg4 9. Nc3 Bxf3 10. Nxd5 Bxd1 11. Rxd1 Rc8 12. Bb5 e6 13. Nc3 Nge7 14. O-O O-O 15. Ne4 Rfd8 16. Nc5 a6 17. Bxc6 bxc6 18. Nxa6 Nf5 19. Nc5 Nxd4 20. Rd2 Rd5 21. Rfd1 Nf5 22. b4 Nxe3 23. fxe3 Rcd8 24. Rxd5 Rxd5 25. Rxd5 exd5 26. a4 Bc3 27. Nd3 c5 28. bxc5 Kf8 29. Kf2 Ke7 30. Nf4 Kd7 31. Nxd5 Be5 32. Nb4 Kc7 33. Kf3 Kb7 34. g3 Bc3 35. c6+ Kc8 36. Nd5 Ba5 37. Ke4 Bd8 38. Ke5 h5 39. Kd6 g5 40. c7 f5 41. Nb6+ 1-0

[Event "Madrid 2024-2025ch - Previa A"]
[Site "Madrid ESP"]
[Date "2025.02.19"]
[Round "9.22"]
[White "Hetz, Robert"]
[Black "Martinez Miura, Enrique"]
[Result "1-0"]
[WhiteElo "1825"]
[BlackElo "1685"]
[PlyCount "39"]
[GameId "2155972630094119"]
[EventDate "2025.01.30"]
[EventType "swiss"]
[EventRounds "9"]
[EventCountry "ESP"]
[SourceTitle "Ajedrez en Madrid"]
[Source "lmi"]
[SourceDate "2025.01.30"]
[SourceVersion "1"]
[SourceVersionDate "2025.03.19"]
[SourceQuality "1"]

1. d4 d5 2. c4 e6 3. Nc3 Nf6 4. Bg5 Be7 5. e3 c6 6. Nf3 h6 7. Bh4 O-O 8. Rc1 Nbd7 9. Bd3 dxc4 10. Bxc4 b5 11. Bd3 Bb7 12. O-O a6 13. Bxf6 Nxf6 14. Ne4 Qd5 15. Nxf6+ Bxf6 16. Bb1 Rad8 17. Qe2 Be7 18. Ne5 c5 19. f3 c4 20. Be4 1-0

[Event "Madrid 2024-2025ch - Previa A"]
[Site "Madrid ESP"]
[Date "2025.02.19"]
[Round "9.23"]
[White "Guardiola Sevilla, Antonio"]
[Black "Diez Acero, Pablo"]
[Result "1-0"]
[WhiteElo "1777"]
[BlackElo "1639"]
[PlyCount "93"]
[GameId "2155982131630400"]
[EventDate "2025.01.30"]
[EventType "swiss"]
[EventRounds "9"]
[EventCountry "ESP"]
[SourceTitle "Ajedrez en Madrid"]
[Source "lmi"]
[SourceDate "2025.01.30"]
[SourceVersion "1"]
[SourceVersionDate "2025.03.19"]
[SourceQuality "1"]

1. e4 d5 2. exd5 Nf6 3. d4 Nxd5 4. c4 Nf6 5. Nc3 Bf5 6. Be3 e6 7. a3 Be7 8. Nf3 Nbd7 9. Be2 Nb6 10. Ne5 Ne4 11. Bf3 Nxc3 12. bxc3 c6 13. g4 Bg6 14. Qe2 Qc7 15. Bf4 Qc8 16. h4 f6 17. Nxg6 hxg6 18. Qd3 f5 19. g5 Qd7 20. a4 O-O-O 21. a5 Na8 22. c5 Bxc5 23. Qc4 Bd6 24. Bd2 a6 25. Bg2 Nc7 26. Rb1 Nb5 27. Rb3 Qc7 28. Rh3 Rhe8 29. f4 Bxf4 30. Bxf4 Qxf4 31. Bxc6 bxc6 32. Qxc6+ Qc7 33. Qxa6+ Qb7 34. Qxb7+ Kxb7 35. Rxb5+ Ka6 36. Re5 Rd5 37. Rhe3 Rxa5 38. Rxe6+ Rxe6 39. Rxe6+ Kb5 40. Rxg6 Kc4 41. Rc6+ Kd5 42. Rc5+ Rxc5 43. dxc5 Kxc5 44. Ke2 Kc4 45. Kf3 Kxc3 46. h5 Kd4 47. h6 1-0

[Event "Madrid 2024-2025ch - Previa A"]
[Site "Madrid ESP"]
[Date "2025.02.19"]
[Round "9.25"]
[White "Rubio Rivera, Felix"]
[Black "Castro Torres, Vicente"]
[Result "1-0"]
[WhiteElo "1727"]
[BlackElo "1534"]
[PlyCount "157"]
[GameId "2156545053270129"]
[EventDate "2025.01.30"]
[EventType "swiss"]
[EventRounds "9"]
[EventCountry "ESP"]
[SourceTitle "Ajedrez en Madrid"]
[Source "lmi"]
[SourceDate "2025.01.30"]
[SourceVersion "1"]
[SourceVersionDate "2025.03.19"]
[SourceQuality "1"]

1. e4 c6 2. Nf3 d5 3. d3 dxe4 4. dxe4 Qxd1+ 5. Kxd1 Bg4 6. Be2 Nd7 7. Ne1 Ngf6 8. f3 Be6 9. Nd3 O-O-O 10. Ke1 Bc4 11. Be3 Bxd3 12. Bxd3 a6 13. Ke2 e5 14. Bc4 Bc5 15. Bxf7 Bxe3 16. Kxe3 Nb6 17. Nc3 Rhf8 18. Be6+ Kb8 19. Rhd1 Nfd7 20. Bxd7 Nxd7 21. b3 Kc7 22. Rd2 Nf6 23. Rad1 Rxd2 24. Rxd2 g5 25. g4 Rg8 26. Ne2 h5 27. gxh5 Rh8 28. Ng3 Nxh5 29. Nxh5 Rxh5 30. Rg2 b5 31. c3 c5 32. a3 Kb6 33. Rd2 Kc6 34. Rg2 a5 35. Kf2 Kd6 36. Kg3 Rh8 37. Rd2+ Ke6 38. Kg4 Kf6 39. h3 Rh4+ 40. Kg3 Rh8 41. Rd6+ Kf7 42. Rd5 b4 43. cxb4 axb4 44. axb4 cxb4 45. Rb5 Kf6 46. Rb6+ Kf7 47. Rxb4 Rg8 48. Rb6 Rd8 49. b4 Rd3 50. b5 Rb3 51. Rb8 Ke7 52. Kg4 Kd7 53. b6 Kc6 54. Rg8 Rb1 55. Rg6+ Kb7 56. Re6 Rg1+ 57. Kf5 Rg3 58. Rh6 Rxf3+ 59. Kxe5 Rf8 60. Kd4 Rg8 61. e5 g4 62. hxg4 Rxg4+ 63. Kd5 Rg5 64. Ke4 Rg8 65. Rd6 Rg1 66. e6 Re1+ 67. Kf5 Rf1+ 68. Ke5 Re1+ 69. Kf6 Rf1+ 70. Ke7 Kc8 71. b7+ Kxb7 72. Kd7 Rf6 73. e7 Rf7 74. Kd8 Rh7 75. e8=Q Rc7 76. Qb5+ Ka8 77. Ra6+ Ra7 78. Rxa7+ Kxa7 79. Qb1 1-0

[Event "Madrid 2024-2025ch - Previa A"]
[Site "Madrid ESP"]
[Date "2025.02.19"]
[Round "9.26"]
[White "Quintans Cunha, Guillerme"]
[Black "Gonzalez Bolado, David"]
[Result "1/2-1/2"]
[WhiteElo "1685"]
[BlackElo "1583"]
[PlyCount "138"]
[GameId "2156556677271700"]
[EventDate "2025.01.30"]
[EventType "swiss"]
[EventRounds "9"]
[EventCountry "ESP"]
[SourceTitle "Ajedrez en Madrid"]
[Source "lmi"]
[SourceDate "2025.01.30"]
[SourceVersion "1"]
[SourceVersionDate "2025.03.19"]
[SourceQuality "1"]

1. e4 c5 2. Nf3 Nc6 3. d4 cxd4 4. Nxd4 e5 5. Nb3 Nf6 6. Nc3 Be7 7. Bc4 O-O 8. O-O d6 9. f4 Qb6+ 10. Kh1 Rd8 11. Nd5 Nxd5 12. Bxd5 Be6 13. Bxe6 fxe6 14. Qg4 Kh8 15. Qxe6 Qc7 16. f5 Bf6 17. g4 d5 18. exd5 Rd6 19. dxc6 Rxe6 20. fxe6 Qxc6+ 21. Kg1 Qxe6 22. h3 Kg8 23. Be3 a6 24. c3 Rd8 25. Nc5 Qc6 26. Rae1 Bh4 27. Re2 Be7 28. Nb3 b6 29. Bf2 Rf8 30. Rxe5 Bd6 31. Nd4 Qd7 32. Re2 Bc5 33. Rd2 Bxd4 34. Rxd4 Qf7 35. Ra4 a5 36. Ra3 h6 37. Rb3 Qf3 38. c4 Qe2 39. Rb5 Qxc4 40. Rxb6 Qxa2 41. Kh1 Qd5+ 42. Kg1 Qf3 43. Kh2 Qe2 44. Kg1 Rf3 45. Kg2 Qe4 46. Kh2 Qe5+ 47. Kg2 Kh7 48. Kxf3 Qh2 49. Rg1 Qe5 50. Rg3 Qd5+ 51. Ke2 Qe4+ 52. Kf1 Qb1+ 53. Kg2 Qe4+ 54. Rf3 a4 55. Rd6 Qe2 56. Rd4 Qc2 57. h4 Qc6 58. g5 hxg5 59. hxg5 Kg6 60. Rg4 Qd7 61. Rff4 Qd5+ 62. Kh2 Qe5 63. Kh3 Qe2 64. Kg2 Kh5 65. Rxa4 Qxb2 66. Rab4 Qe2 67. Rh4+ Kxg5 68. Rbg4+ Qxg4+ 69. Rxg4+ Kxg4 1/2-1/2

[Event "Madrid 2024-2025ch - Previa A"]
[Site "Madrid ESP"]
[Date "2025.02.19"]
[Round "9.28"]
[White "Huerta Navarro, Eusebio"]
[Black "Carbo de Haya, Jaime"]
[Result "1-0"]
[WhiteElo "1772"]
[BlackElo "1622"]
[PlyCount "117"]
[GameId "2156561801638070"]
[EventDate "2025.01.30"]
[EventType "swiss"]
[EventRounds "9"]
[EventCountry "ESP"]
[SourceTitle "Ajedrez en Madrid"]
[Source "lmi"]
[SourceDate "2025.01.30"]
[SourceVersion "1"]
[SourceVersionDate "2025.03.19"]
[SourceQuality "1"]

1. e4 c5 2. Nf3 d6 3. d4 cxd4 4. Nxd4 Nf6 5. Nc3 a6 6. Be3 Ng4 7. Qd2 Nxe3 8. Qxe3 e5 9. Nf3 Be6 10. Be2 Be7 11. Rd1 Qc7 12. O-O O-O 13. Ng5 Bxg5 14. Qxg5 h6 15. Qd2 Rd8 16. Nd5 Bxd5 17. Qxd5 Nc6 18. c3 Ne7 19. Qb3 b5 20. Rd3 Rd7 21. Rfd1 Rad8 22. Bg4 Ng6 23. Bxd7 Rxd7 24. g3 Qc6 25. Qd5 Qb6 26. Qb3 Nf8 27. a4 Ne6 28. a5 Qc7 29. Qa3 Nc5 30. Re3 Qc6 31. Qb4 d5 32. exd5 Rxd5 33. Rxd5 Qxd5 34. Qg4 Ne6 35. Qe4 Qd8 36. Qxe5 Qxa5 37. b4 Qa2 38. Qb8+ Kh7 39. Qa8 Ng5 40. Qb7 Nh3+ 41. Kg2 Qxf2+ 42. Kxh3 Qxe3 43. Qxf7 Qxc3 44. Qf5+ g6 45. Qd7+ Qg7 46. Qc6 Qa7 47. Qe8 Qb7 48. Qd8 h5 49. Qd2 Qe4 50. Qd8 Qxb4 51. Qf6 Qg4+ 52. Kg2 Qe4+ 53. Kg1 a5 54. Qf7+ Kh6 55. Qf8+ Kg5 56. Qd8+ Kg4 57. Qd7+ Qf5 58. Qd4+ Kg5 59. h4+ 1-0

[Event "Madrid 2024-2025ch - Previa A"]
[Site "Madrid ESP"]
[Date "2025.02.19"]
[Round "9.30"]
[White "Santos Rodriguez, Jose"]
[Black "Iturrizaga Ramirez, Eduardo Robe"]
[Result "1-0"]
[WhiteElo "1710"]
[BlackElo "1591"]
[PlyCount "79"]
[GameId "2156564791759067"]
[EventDate "2025.01.30"]
[EventType "swiss"]
[EventRounds "9"]
[EventCountry "ESP"]
[SourceTitle "Ajedrez en Madrid"]
[Source "lmi"]
[SourceDate "2025.01.30"]
[SourceVersion "1"]
[SourceVersionDate "2025.03.19"]
[SourceQuality "1"]

1. d4 Nf6 2. Nc3 d6 3. Bf4 a6 4. e4 e6 5. Bd3 Be7 6. h3 O-O 7. Nf3 h6 8. O-O Nh7 9. Re1 Ng5 10. e5 f5 11. d5 Nxf3+ 12. Qxf3 Bg5 13. exd6 Bxf4 14. Qxf4 cxd6 15. dxe6 Nc6 16. Bc4 Ne7 17. Rad1 g5 18. Qxd6 Qxd6 19. Rxd6 b5 20. Bb3 Ra7 21. Red1 Kg7 22. Nd5 Nxd5 23. Bxd5 Re7 24. Re1 Kf6 25. Kf1 Rfe8 26. Re3 Bxe6 27. Rxa6 Kf7 28. Bxe6+ Rxe6 29. Raxe6 Rxe6 30. Rxe6 Kxe6 31. Ke2 Ke5 32. Ke3 f4+ 33. Kd3 Kd5 34. b3 b4 35. c3 g4 36. cxb4 gxh3 37. gxh3 h5 38. b5 Kc5 39. a4 Kb6 40. Ke4 1-0

[Event "Madrid 2024-2025ch - Previa A"]
[Site "Madrid ESP"]
[Date "2025.02.19"]
[Round "9.31"]
[White "Perez de las Penas, Jorge Ivan"]
[Black "Villodre Miranda, Juan Alonso"]
[Result "0-1"]
[WhiteElo "1620"]
[BlackElo "1698"]
[PlyCount "70"]
[GameId "2156621730001008"]
[EventDate "2025.01.30"]
[EventType "swiss"]
[EventRounds "9"]
[EventCountry "ESP"]
[SourceTitle "Ajedrez en Madrid"]
[Source "lmi"]
[SourceDate "2025.01.30"]
[SourceVersion "1"]
[SourceVersionDate "2025.03.19"]
[SourceQuality "1"]

1. e4 d6 2. d4 g6 3. Bd3 Bg7 4. c3 Nd7 5. Be3 h6 6. Nf3 e6 7. Nbd2 b6 8. Qc2 Bb7 9. Nc4 Ne7 10. Qd2 d5 11. exd5 Nxd5 12. Qe2 Nxe3 13. Nxe3 O-O 14. O-O c5 15. dxc5 Nxc5 16. Bc2 Qc7 17. Rad1 Rad8 18. Rfe1 Ba6 19. c4 Bxb2 20. Bxg6 Bc3 21. Rf1 fxg6 22. Qc2 Bg7 23. Qxg6 Qf4 24. Qg4 Qxg4 25. Rxd8 h5 26. Rxf8+ Kxf8 27. Nxg4 Bxc4 28. Rc1 Bxa2 29. Nge5 Bd5 30. h3 Ke7 31. Kf1 Kd6 32. Nf7+ Kc6 33. N7e5+ Kb5 34. Ra1 a5 35. Nd7 Kb4 0-1

[Event "Madrid 2024-2025ch - Previa A"]
[Site "Madrid ESP"]
[Date "2025.02.19"]
[Round "9.32"]
[White "Moreno Sabroso, Ruben"]
[Black "Lopez Manso, Jeronimo"]
[Result "1-0"]
[WhiteElo "1653"]
[BlackElo "1528"]
[PlyCount "45"]
[GameId "2156627397509976"]
[EventDate "2025.01.30"]
[EventType "swiss"]
[EventRounds "9"]
[EventCountry "ESP"]
[SourceTitle "Ajedrez en Madrid"]
[Source "lmi"]
[SourceDate "2025.01.30"]
[SourceVersion "1"]
[SourceVersionDate "2025.03.19"]
[SourceQuality "1"]

1. c4 f5 2. g3 Nf6 3. Bg2 d5 4. cxd5 Nxd5 5. Nf3 c6 6. O-O f4 7. d4 Qd6 8. Nc3 fxg3 9. fxg3 Bf5 10. Ne5 Bg6 11. e4 Nf6 12. Nxg6 hxg6 13. e5 Qc7 14. exf6 gxf6 15. Qg4 Kf7 16. Ne4 Kg7 17. Nc5 Kf7 18. Bf4 Qd8 19. Rad1 Qd5 20. Bxd5+ cxd5 21. Qe6+ Kg7 22. Qc8 e5 23. Qxb7+ 1-0

[Event "Madrid 2024-2025ch - Previa A"]
[Site "Madrid ESP"]
[Date "2025.02.19"]
[Round "9.33"]
[White "Veuthey Martinez, Eloy"]
[Black "Ropero Galan, Samuel"]
[Result "0-1"]
[WhiteElo "1601"]
[BlackElo "1623"]
[PlyCount "50"]
[GameId "2156627938730854"]
[EventDate "2025.01.30"]
[EventType "swiss"]
[EventRounds "9"]
[EventCountry "ESP"]
[SourceTitle "Ajedrez en Madrid"]
[Source "lmi"]
[SourceDate "2025.01.30"]
[SourceVersion "1"]
[SourceVersionDate "2025.03.19"]
[SourceQuality "1"]

1. d4 d5 2. Nf3 Nf6 3. e3 Bf5 4. c4 c6 5. Nc3 e6 6. Bd2 a6 7. cxd5 cxd5 8. Ne5 Nbd7 9. g4 Bg6 10. h4 h5 11. Nxg6 fxg6 12. g5 Ne4 13. Nxe4 dxe4 14. Bg2 Qb6 15. Bc3 O-O-O 16. Bxe4 e5 17. Qc2 Kb8 18. dxe5 Bb4 19. Bxb4 Qxb4+ 20. Ke2 Rc8 21. Qd3 Nc5 22. Qd6+ Ka8 23. Bxg6 Rhd8 24. Qe7 Rd2+ 25. Kf3 Qg4# 0-1